000 00562nam a2200193Ia 4500
005 20250923144957.0
008 008 250917s9999 xx 000 0 eng d
037 _aTextual
040 _aDSWL
_beng
_cDSWL
041 _aeng
_2eng
084 _aYX,ZB-A, N61
_qDSWL
245 4 _aThe family patients or clients
_cby Family Welfare Association
260 _aLondon
_bFamily Welfare Association
_c1961
300 _a132 p.
365 _aINR
_b8. 6.
925 _g8. 6.
942 _cTEXL
_hYX,ZB-A, N61
999 _c1445605
_d1445605